000 00486nam a2200193Ia 4500
003 GCL
008 140319s9999 xx 000 0 eng d
040 _aGCL /
_cGCL
082 0 4 _a841
_bSO
100 1 _aSENGHOR, LEOPOLD SEDAR
245 1 0 _aOEUVRE POETIGUE /
_cSENGHOR, LEOPOLD SEDAR
260 _a[S.N] :
_bEDITIONS DU SEUIL ،
_c1990
300 _a429
650 0 4 _aLITERATURE
650 0 4 _aPOETRY
650 0 4 _aFRENCH POETRY
650 0 4 _aFRENCH LITERATURE
942 _2ddc
_cBK
999 _c25373
_d25373